Addenda do twórczości i biografii Bartłomieja Strobla
| Titel: | Addenda do twórczości i biografii Bartłomieja Strobla |
|---|---|
| Verfasser: | |
| In: |
Album amicorum, (2008), Seite 345-352 alle Artikel anzeigen |
| Veröffentlicht: | 2008 |
| Format: | Aufsatz |
| Sprache: | Polnisch |
X
alg: 39419858 001A $01999:12-11-16 001B $01999:29-05-21 $t17:46:33.000 001D $01999:12-11-16 001U $0utf8 001X $00 002@ $0Aox 003@ $0394198581 007A $0394198581 $aHEB 007T $0Herdkk00042382 010@ $apol 011@ $a2008 021A $aAddenda do twórczości i biografii Bartłomieja Strobla 028A $aTylicki $dJacek 031A $h345-352 $j2008 039B $aIn $8--Aau--. Album amicorum. - Toruń : Wydawnictwo Naukowe Uniwersytetu Mikołaja Kopernika, 2008. - 407 S.. - Ill.. - ISBN 83-231-2205-9 $x200800000000000655 $9366207512 045F $a929.09438 $eDDC23BSB 045F/01 $a929 045F/03 $g438 045F/03 $g4382 045F/03 $g4385 lok: 39419858 78 exp: 39419858 78 1 #EPN 201B/01 $008-02-21 $t23:16:27.000 201U/01 $0utf8 203@/01 $0790309092 208@/01 $a12-11-16 $be 209A/01 $a/ $f000 $x00 220C/01 $aHerkunft: PBB/IH PAN 244Z/01 $2Trx $#Silesia $#Śląsk $#Sliezsko $#Slezsko $8--Trx--Schlesien $x01 $9391173987 244Z/01 $2Trx $#Poola $#Lenkija $#Polija $#Polen Land $#Poland $#Lengyelország $#Poľsko $#Polsko $8--Trx--Polska$gkraj $x02 $9391345966 244Z/01 $2Trx $#Prusy Wschodnie i Zachodnie $8--Trx--Ost- und Westpreußen $x03 $939113373X 244Z/01 $aGeschichte 1591-1650 $x04 244Z/01 $#Strobel, Bartholomäus der Jüngere $#Strobel, Bartholomäus $#Strobel, Bartholomeus $#Strobel, Balthasar $7124306411 $8--Tp1--Strobel, Bartłomiej$Z1591-1647 $x05 $9108888924 244Z/01 $2Trx $#maalrid $#dailininkai $#painters artists $#festö $#malarze artyści $#maliari $#malíři $8--Trx--Maler$gKünstler $x06 $9391383302 244Z/01 $2Trx $8--Trx--Einzelbeiträge $x07 $9391384570 244Z/01 $2Trx $#biograafiad $#biografijos $#biography $#életrajzok $#biografia $#biografie $#biografie $8--Trx--Biographie $x08 $9391352938 245Z/01 $a12.03 $x01 247C/01 $82080>Marburg/Lahn, Herder-Institut, Forschungsbibliothek, Bibliographieportal $9336309341
| LEADER | 00000caa a22000002c 4500 | ||
|---|---|---|---|
| 001 | 394198581 | ||
| 003 | DE-603 | ||
| 005 | 20210529174633.0 | ||
| 007 | tu | ||
| 008 | 161112s2008 xx |||| | u00||u|pol c | ||
| 035 | |a (DE-599)HEB394198581 | ||
| 040 | |a DE-603 |b ger |c DE-603 |d DE-603 | ||
| 041 | |a pol | ||
| 082 | 0 | 4 | |8 1\u |a 929.09438 |q DE-101 |2 23/BSB |
| 085 | |8 1\u |b 929 | ||
| 085 | |8 1\u |z 2 |s 438 | ||
| 085 | |8 1\u |z 2 |s 4382 | ||
| 085 | |8 1\u |z 2 |s 4385 | ||
| 100 | 1 | |a Tylicki, Jacek | |
| 245 | 0 | 0 | |a Addenda do twórczości i biografii Bartłomieja Strobla |
| 264 | 0 | |c 2008 | |
| 773 | 0 | 8 | |i In |t Album amicorum |d Toruń : Wydawnictwo Naukowe Uniwersytetu Mikołaja Kopernika, 2008 |h 407 S., Ill. |z 8323122059 |z 9788323122050 |g (2008), Seite 345-352 |w (DE-603)366207512 |
| 924 | 0 | |9 2080 |a (DE-603)790309092 |b DE-2080 |c HES |d d |g / | |


